Sports Quiz

Random Sports or NBA Quiz
Score 0/45 Timer 03:00
8 Plays Today
Hint Player % Correct
MVPLebron James
99.6%
1st TeamLebron James
99.6%
MVPJames Harden
99.1%
MVPLuka Doncic
99.1%
MVPDamian Lillard
99.1%
MIPLuka Doncic
99.1%
1st TeamJames Harden
99.1%
1st TeamLuka Doncic
99.1%
DPOYAnthony Davis
98.9%
2nd TeamDamian Lillard
98.9%
2nd TeamAnthony Davis
98.9%
MVPGiannis Antetokounmpo
98%
DPOYGiannis Antetokounmpo
98%
1st TeamGiannis Antetokounmpo
98%
DPOYRudy Gobert
97.1%
DPOYBen Simmons
96%
6MOTYLou Williams
95.2%
MIPBrandon Ingram
94.3%
3rd TeamBrandon Ingram
94.3%
3rd TeamJoel Embiid
92.3%
ROTYJa Morant
91.2%
ROTYZion Williamson
91.2%
ROTYCoby White
91%
Hint Player % Correct
1st TeamNikola Jokic
90.8%
2nd TeamRussell Westbrook
90.8%
2nd TeamKawhi Leonard
89.5%
2nd TeamKarl-Anthony Towns
88.8%
6MOTYMontrezl Harrell
87.9%
MIPBam Adebayo
87%
DPOYHassan Whiteside
86.6%
3rd TeamBradley Beal
86.4%
3rd TeamTrae Young
86.2%
3rd TeamPascal Siakam
85.3%
ROTYRJ Barrett
83.3%
MIPDevonte' Graham
83.1%
ROTYKendrick Nunn
82.2%
6MOTYDennis Schroder
81.1%
MIPShai Gilgeous-Alexander
79.3%
6MOTYDerrick Rose
76.9%
COTYNick Nurse
75.6%
COTYDoc Rivers
70.5%
6MOTYGoran Dragic
68.1%
COTYEric Spoelstra
62.2%
COTYMike Budenholzer
58.5%
COTYMichael Malone
55.6%
Remove Ads.
Support Sporcle.
Get the best of Sporcle when you Go Orange. This ad-free experience offers more features, more stats, and more fun while also helping to support Sporcle. Thank you for becoming a member.

You're not logged in!

Compare scores with friends on all Sporcle quizzes.
OR
Log In

Sporcle TV

Today on Sporcle TV


Watch our educational content, quiz creation guides, and fun videos on Sporcle TV.

Show Comments

Extras

Created May 8, 2020ReportNominate
Tags:NBA Quiz, 2020, Award, Player, Prediction, team

Top Quizzes Today


Score Distribution

Paid Content

Your Account Isn't Verified!

In order to create a playlist on Sporcle, you need to verify the email address you used during registration. Go to your Sporcle Settings to finish the process.

Report this User

Report this user for behavior that violates our Community Guidelines.

Details: